|
|
|
|
| LEADER |
00000nam a22000007a 4500 |
| 005 |
20151203114727.0 |
| 007 |
cr|||| ||u| |
| 008 |
151203s2012 mx ||||| |||| 00| 0 spa d |
| 020 |
|
|
|a 978-607-16-1167-3
|
| 035 |
|
|
|a 12958
|
| 040 |
|
|
|a vLex
|
| 090 |
|
|
|c 5721
|d 5721
|
| 100 |
1 |
|
|a S. Wolin, Sheldon
|
| 245 |
1 |
0 |
|a Polt̕ica y perspectiva
|h [Recurso electrn̤ico] /
|c Sheldon S. Wolin
|
| 256 |
|
|
|a Servicio en ln̕ea
|
| 260 |
|
|
|a Mx̌ico
|b Fondo de Cultura Econm̤ica
|c 2012
|
| 300 |
|
|
|a 1 recurso electrn̤ico (Continuidad e innovacin̤ en el pensamiento polt̕ico occidental. Edicin̤ ampliada. 819 Pg̀inas).
|
| 506 |
1 |
|
|a Contenido solo disponible en los productos indicados
|d vLex Global
|d vLex Global (Academic Edition, excluding Law Schools)
|d vLex Global (U.S. Academic Edition, Law Schools)
|d vLex Global (U.S. Academic Edition, excluding Law Schools)
|d vLex Global (Academic Edition, Law Schools)
|
| 650 |
0 |
4 |
|a Teologia polt̕ica
|z Mx̌ico
|
| 740 |
0 |
|
|a vLex libros (servicio en ln̕ea)
|
| 856 |
4 |
0 |
|u http://vlex.com/source/politica-perspectiva-12958
|z Acceso restringido
|
| 942 |
|
|
|c BOOK
|
| 999 |
0 |
|
|a Political theology
|